• 首页
  • 本馆介绍
  • 公告通知
  • 最新文献
  • 馆藏检索
  • 电子资源
  • 读者导购
  • 参考咨询
  • 我的图书馆
  • 登录
  • 详细信息显示
  • 放入我的书架
  • 预约/预借图书
  • 作者相关作品
  • 分类相关作品
  • 丛书相关作品
  • 出版社相关作品

书目信息

  • 表格格式
  • 工作单格式
  • 卡片格式
题名:
中国古树名木
    
 
作者: 王大为 , 赵兵 , 孔凡达 著
分册:   济南卷
出版信息: 南京   江苏凤凰科学技术出版社  2021.1
页数: 208页
开本: 24cm
丛书名:
单 册:
中图分类: S717.2 , S717.252.1
科图分类:
主题词: 树木--介绍--中国 , 树木--介绍--济南
电子资源:
ISBN: 978-7-5713-1605-1
000 01138nam0 2200301 45
001 012001001770
005 20140912114309.0
010    @a978-7-5713-1605-1@dCNY88.00
100    @a20210426d2021 em y0chiy50 ea
101 0  @achi
102    @aCN@b370000
105    @aak z 000yy
106    @ar
200 1  @a中国古树名木@Azhong guo gu shu ming mu@i济南卷@b专著@f王大为,赵兵,孔凡达著
210    @a南京@c江苏凤凰科学技术出版社@d2021.1
215    @a208页@c图@d24cm
300    @a并列题名:Ancient and famous Chinese trees
330    @a本书将济南地区的古树名木集录成册,书中古树依据全国绿化委员会、国家林业局文件的规定划分,特指树龄在100年以上的树木,名木特指在历史上或社会上有重大影响的中外历代名人、领袖人物所植或者具有极其重要的历史、文化价值、纪念意义的树木。
510 1  @aAncient and famous Chinese trees@hVolume Jinan@zeng
606 0  @a树木@x介绍@y中国
606 0  @a树木@x介绍@y济南
690    @aS717.2@v5
690    @aS717.252.1@v5
701  0 @a王大为@Awang da wei@4著
701  0 @a赵兵@Azhao bing@4著
701  0 @a孔凡达@Akong fan da@4著
801  0 @aCN@bBJSDL@c20211011
905    @b1337148-51@dS717.2@e159@f4
    
    中国古树名木.济南卷/王大为,赵兵,孔凡达著.-南京:江苏凤凰科学技术出版社,2021.1
    208页:图;24cm
    并列题名:Ancient and famous Chinese trees
    
    ISBN 978-7-5713-1605-1:CNY88.00
    本书将济南地区的古树名木集录成册,书中古树依据全国绿化委员会、国家林业局文件的规定划分,特指树龄在100年以上的树木,名木特指在历史上或社会上有重大影响的中外历代名人、领袖人物所植或者具有极其重要的历史、文化价值、纪念意义的树木。
●
相关链接 在E读中查询图书 在五车中查询图书 在当当中查询图书 在豆瓣中查询图书


正题名:中国古树名木     索取号:S717.2/159         预约/预借

序号 登录号 条形码 馆藏地/架位号 状态 备注
1 1337148   213371484   第二样本阅览室/ [索取号:S717.2/159] 在馆    
2 1337149   213371493   第三借阅区/ [索取号:S717.2/159] 在馆    
3 1337150   213371509   第三借阅区/ [索取号:S717.2/159] 在馆    
4 1337151   213371518   第三借阅区/ [索取号:S717.2/159] 在馆    
唐山师范学院图书馆 欢迎您!
大连网信软件有限公司© 版权所有